000 00542nam a22001817a 4500
003 0
005 20230810142706.0
008 230810b xxu||||| |||| 00| 0 eng d
020 _a978-971-828-127-7
050 _aUB 415
_b.R36 2022
100 _aRamos, Eric
245 _aRodolfo Biazon : soldier, solon, statesman
_cEric Ramos
260 _aPasig City
_bMilflores Publishing, Inc.
_cc2022
300 _a308 p.
_bill.
_c22 cm.
600 _aBiazon, Rodolfo G., 1935 -
650 _aSoldiers - Philippines - Biography.
942 _2lcc
_cBK
999 _c365113
_d365113